[Event "Mecklenburg VP LL2 Ost 2122"]
[Site "Mecklenburg VP"]
[Date "2022.04.24"]
[Round "5.6"]
[White "Walz, Fabian"]
[Black "Riess, Alexander"]
[Result "1-0"]
[WhiteElo "1271"]
[BlackElo "2302"]
[PlyCount "53"]
[EventDate "2021.10.24"]
[EventType "team-tourn"]
[EventRounds "9"]
[EventCountry "GER"]
[SourceTitle "EXT 2024"]
[Source "ChessBase"]
[SourceDate "2023.10.10"]
[SourceVersion "1"]
[SourceVersionDate "2023.10.10"]
[SourceQuality "1"]
[WhiteTeam "Rostock SSC 07 II"]
[BlackTeam "Rostock Uni"]
[WhiteTeamCountry "GER"]
[BlackTeamCountry "GER"]

1. e4 c5 2. c3 e6 3. d4 cxd4 4. cxd4 Nf6 5. Bd3 a6 6. Ne2 d5 7. e5 Nfd7 8. 0-0 Nc6 9. Nbc3 f6 10. Nf4 Nxd4 11. Qh5+ g6 12. Nxg6 hxg6 13. Bxg6+ Ke7 14. exf6+ Kxf6 15. Bg5+ Kg7 16. Qxh8+ Kxh8 17. Bxd8 Kg7 18. Be8 Nc6 19. Bc7 Nf6 20. Bxc6 bxc6 21. Be5 Kf7 22. Rac1 Nd7 23. Bg3 Bh6 24. f4 Rb8 25. b3 Rb4 26. Nxd5 cxd5 27. Rxc8 1-0

[Event "Oberliga Nord N 1920"]
[Site "Germany"]
[Date "2020.03.01"]
[Round "7.3"]
[White "Hermesmann, Hans"]
[Black "Riess, Alexander"]
[Result "1-0"]
[WhiteElo "2199"]
[BlackElo "2315"]
[PlyCount "37"]
[EventDate "2019.09.29"]
[EventType "team-tourn"]
[EventRounds "9"]
[EventCountry "GER"]
[SourceTitle "CBM 195 Extra"]
[Source "ChessBase"]
[SourceDate "2020.05.31"]
[SourceVersion "1"]
[SourceVersionDate "2020.05.31"]
[SourceQuality "1"]

1. d4 Nf6 2. c4 g6 3. Nc3 d5 4. Bg5 Bg7 5. e3 c5 6. Nf3 Ne4 7. Bh4 cxd4 8. exd4 Nc6 9. cxd5 Nxc3 10. bxc3 Qxd5 11. Be2 Qa5 12. 0-0 Qxc3 13. Rc1 Qa3 14. d5 Ne5 15. Rc7 Bf6 16. Bxf6 exf6 17. Nxe5 fxe5 18. d6 Bd7 19. Qd5 1-0

[Event "Oberliga Nord N 1920"]
[Site "Germany"]
[Date "2020.02.09"]
[Round "6.3"]
[White "Riess, Alexander"]
[Black "Poeck, Ole"]
[Result "1-0"]
[WhiteElo "2306"]
[BlackElo "2262"]
[PlyCount "64"]
[EventDate "2019.09.29"]
[EventType "team-tourn"]
[EventRounds "9"]
[EventCountry "GER"]
[SourceTitle "CBM 195 Extra"]
[Source "ChessBase"]
[SourceDate "2020.05.31"]
[SourceVersion "1"]
[SourceVersionDate "2020.05.31"]
[SourceQuality "1"]

1. d4 Nf6 2. c4 e6 3. Nc3 Bb4 4. Qc2 0-0 5. Nf3 d5 6. cxd5 exd5 7. Bg5 h6 8. Bh4 c5 9. e3 Nc6 10. dxc5 g5 11. Bg3 Ne4 12. Bd3 Qf6 13. Bxe4 dxe4 14. Nd2 Bf5 15. Nd5 Qd8 16. Bd6 Rc8 17. 0-0 Re8 18. a3 Bxd2 19. Qxd2 Be6 20. Rad1 Bxd5 21. Qxd5 Qf6 22. Qb3 Nd8 23. Qb5 Rc6 24. Rd4 a6 25. Qc4 Ne6 26. Rxe4 Qxb2 27. f4 Qxa3 28. fxg5 hxg5 29. Qd5 Qc3 30. Re5 a5 31. Qf3 Re7 32. Bxe7 Qxe5 1-0

[Event "Oberliga Nord N 1920"]
[Site "Germany"]
[Date "2019.12.08"]
[Round "4.3"]
[White "Riess, Alexander"]
[Black "Schulz, Karsten"]
[Result "1/2-1/2"]
[WhiteElo "2307"]
[BlackElo "2272"]
[PlyCount "59"]
[EventDate "2019.09.29"]
[EventType "team-tourn"]
[EventRounds "9"]
[EventCountry "GER"]
[SourceTitle "CBM 195 Extra"]
[Source "ChessBase"]
[SourceDate "2020.05.31"]
[SourceVersion "1"]
[SourceVersionDate "2020.05.31"]
[SourceQuality "1"]

1. d4 d6 2. c4 g6 3. Nc3 Bg7 4. e4 a6 5. Be3 c6 6. Nf3 b5 7. cxb5 axb5 8. Bd3 b4 9. Ne2 Nf6 10. 0-0 0-0 11. Qb3 Ba6 12. Nf4 Bxd3 13. Qxd3 e5 14. dxe5 dxe5 15. Nxe5 Qe7 16. Nc4 Rd8 17. Qb3 Nbd7 18. f3 Rdb8 19. Qc2 Ne8 20. Rfd1 Nc7 21. Nd2 Nd5 22. Nxd5 cxd5 23. Bf2 Qe5 24. Rdb1 dxe4 25. Nxe4 Rxa2 26. Rxa2 b3 27. Qc4 bxa2 28. Qxa2 Rxb2 29. Rxb2 Qxb2 30. Qxb2 1/2-1/2

[Event "Oberliga Nord N 1920"]
[Site "Germany"]
[Date "2019.11.24"]
[Round "3.3"]
[White "Kopylov, Michael"]
[Black "Riess, Alexander"]
[Result "1-0"]
[WhiteElo "2410"]
[BlackElo "2314"]
[PlyCount "43"]
[EventDate "2019.09.29"]
[EventType "team-tourn"]
[EventRounds "9"]
[EventCountry "GER"]
[SourceTitle "CBM 195 Extra"]
[Source "ChessBase"]
[SourceDate "2020.05.31"]
[SourceVersion "1"]
[SourceVersionDate "2020.05.31"]
[SourceQuality "1"]

1. d4 Nf6 2. c4 g6 3. Nc3 d5 4. cxd5 Nxd5 5. e4 Nxc3 6. bxc3 Bg7 7. Bg5 c5 8. Rc1 cxd4 9. cxd4 0-0 10. Nf3 Bg4 11. d5 h6 12. Bh4 Qa5+ 13. Qd2 Qa4 14. Rc4 Qa3 15. Be2 e6 16. 0-0 Nd7 17. Rc7 Qa4 18. Bd1 Qxe4 19. Re1 Qxd5 20. Rxd7 Qc6 21. Ne5 Bxe5 22. Rxe5 1-0

[Event "Mecklenburg VP Landesliga Ost 1920"]
[Site "Mecklenburg VP"]
[Date "2019.10.20"]
[Round "2.8"]
[White "Riess, Alexander"]
[Black "Reimer, Karl"]
[Result "0-1"]
[WhiteElo "2313"]
[BlackElo "1520"]
[PlyCount "78"]
[EventDate "2019.09.29"]
[EventType "team-tourn"]
[EventRounds "9"]
[EventCountry "GER"]
[SourceTitle "EXT 2023"]
[Source "ChessBase"]
[SourceDate "2022.10.05"]
[SourceVersion "1"]
[SourceVersionDate "2022.10.05"]
[SourceQuality "1"]
[WhiteTeam "Rostock HSG Uni"]
[BlackTeam "Wolgast Motor"]
[WhiteTeamCountry "GER"]
[BlackTeamCountry "GER"]

1. c4 e5 2. Nc3 Nf6 3. g3 Bc5 4. Bg2 0-0 5. Na4 Qe7 6. e3 c6 7. Ne2 d5 8. Nxc5 Qxc5 9. cxd5 Nxd5 10. d4 exd4 11. Nxd4 Re8 12. 0-0 Be6 13. e4 Nf6 14. Be3 Qe7 15. Nxe6 Qxe6 16. f3 Nbd7 17. Qe2 c5 18. b3 a6 19. Rac1 Rac8 20. Rfd1 b5 21. Qf1 c4 22. Bh3 Qc6 23. bxc4 bxc4 24. e5 Rxe5 25. Bf4 Rd5 26. Qe2 Re8 27. Qf2 Rxd1+ 28. Rxd1 c3 29. Rd6 Qb5 30. Bf1 Qb2 31. Qd4 Nf8 32. Be5 Rc8 33. Rxf6 Qb7 34. Rb6 Qxf3 35. Bxg7 Ne6 36. Rxe6 fxe6 37. Qd7 Qe3+ 38. Kg2 Qd2+ 39. Qxd2 cxd2 0-1

[Event "GER-ch U18"]
[Site "Willingen"]
[Date "2019.06.12"]
[Round "6"]
[White "Riess, Alexander"]
[Black "Buckels, Valentin"]
[Result "0-1"]
[WhiteElo "2305"]
[BlackElo "2443"]
[PlyCount "42"]
[EventDate "2019.06.09"]
[EventType "swiss"]
[EventRounds "9"]
[EventCountry "GER"]
[SourceTitle "CBM 190 Extra"]
[Source "ChessBase"]
[SourceDate "2019.07.15"]
[SourceVersion "1"]
[SourceVersionDate "2019.07.15"]
[SourceQuality "1"]

1. d4 Nf6 2. c4 e6 3. Nc3 Bb4 4. e3 b6 5. Nge2 Ne4 6. Qc2 Bb7 7. a3 Bxc3+ 8. Nxc3 Nxc3 9. Qxc3 d6 10. b4 a5 11. Bb2 axb4 12. axb4 Rxa1+ 13. Bxa1 0-0 14. d5 Qg5 15. h4 Qg6 16. f3 Nd7 17. Kf2 Ra8 18. e4 Ra2+ 19. Kg1 Qg3 20. Rh3 Qf2+ 21. Kh2 Ne5 0-1

[Event "Karlsruhe Grenke op"]
[Site "Karlsruhe"]
[Date "2019.04.21"]
[Round "6"]
[White "Riess, Alexander"]
[Black "Lagunow, Raphael"]
[Result "1-0"]
[WhiteElo "2282"]
[BlackElo "2428"]
[PlyCount "93"]
[EventDate "2019.04.18"]
[EventType "swiss"]
[EventRounds "9"]
[EventCountry "GER"]
[SourceTitle "CBM 189 Extra"]
[Source "ChessBase"]
[SourceDate "2019.06.03"]
[SourceVersion "1"]
[SourceVersionDate "2019.06.03"]
[SourceQuality "1"]

1. d4 Nf6 2. c4 g6 3. Nc3 Bg7 4. e4 0-0 5. Nf3 d6 6. Be2 c5 7. d5 Na6 8. 0-0 e5 9. Ne1 Ne8 10. Nd3 f5 11. a3 Nac7 12. b4 b6 13. Rb1 Nf6 14. f3 f4 15. Bd2 h5 16. bxc5 bxc5 17. Nf2 Bd7 18. Rb7 Qc8 19. Qb3 g5 20. h3 Na6 21. Rb1 g4 22. hxg4 hxg4 23. fxg4 Nh7 24. Ncd1 Ng5 25. Qc3 Bh6 26. Bf3 Be8 27. Qa5 Rf7 28. Qxa6 Rb8 29. Qxd6 Rbxb7 30. Rxb7 Rxb7 31. Qxh6 Qd8 32. Bc3 Rb6 33. Ba5 Rxh6 34. Bxd8 Nxf3+ 35. gxf3 Ra6 36. Be7 Rxa3 37. Bxc5 Ra4 38. Nb2 Ra1+ 39. Kg2 a5 40. Nbd3 a4 41. Nxe5 a3 42. Bxa3 Rxa3 43. c5 Kg7 44. d6 Kf6 45. d7 Bxd7 46. Nxd7+ Ke6 47. Nb6 1-0

[Event "BL2-Nord 1819"]
[Site "Germany"]
[Date "2018.12.15"]
[Round "3.2"]
[White "Leniart, Arkadiusz"]
[Black "Riess, Alexander"]
[Result "1-0"]
[WhiteElo "2497"]
[BlackElo "2288"]
[PlyCount "81"]
[EventDate "2018.11.10"]
[EventType "team-tourn"]
[EventRounds "10"]
[EventCountry "GER"]
[SourceTitle "CBM 190 Extra"]
[Source "ChessBase"]
[SourceDate "2019.07.15"]
[SourceVersion "1"]
[SourceVersionDate "2019.07.15"]
[SourceQuality "1"]
[WhiteTeam "Ruedersdorf Glueckauf"]
[BlackTeam "Luebeck"]
[WhiteTeamCountry "GER"]
[BlackTeamCountry "GER"]

1. d4 Nf6 2. Nc3 d5 3. Bf4 c5 4. e3 cxd4 5. Nb5 Qa5+ 6. c3 dxc3 7. b4 Qxb4 8. Qb3 Nc6 9. Nf3 e5 10. Nxe5 c2+ 11. Ke2 Nxe5 12. Bxe5 Bg4+ 13. f3 Rc8 14. Nc7+ Rxc7 15. Bxc7 Qxb3 16. axb3 Ba3 17. Kd2 c1Q+ 18. Rxc1 Bxc1+ 19. Kxc1 Ke7 20. Kd2 Rc8 21. Be5 Bf5 22. Bc3 Ke6 23. g4 Bg6 24. h4 h5 25. g5 Ne8 26. e4 dxe4 27. fxe4 Rd8+ 28. Ke3 Nd6 29. Bh3+ Ke7 30. Bxg7 Nxe4 31. Bg2 Rg8 32. Bd4 Ng3 33. Re1 Kd6 34. Kf4 Nf5 35. Be5+ Kc5 36. Rc1+ Kb4 37. Bc3+ Kc5 38. Be4 Ne7 39. Bf6+ Kd6 40. Rd1+ Ke6 41. Bg2 1-0

[Event "BL2-Nord 1819"]
[Site "Germany"]
[Date "2018.11.10"]
[Round "1.2"]
[White "Riess, Alexander"]
[Black "Bracker, Frank"]
[Result "1/2-1/2"]
[WhiteElo "2280"]
[BlackElo "2394"]
[PlyCount "152"]
[EventDate "2018.11.10"]
[EventType "team-tourn"]
[EventRounds "10"]
[EventCountry "GER"]
[SourceTitle "CBM 190 Extra"]
[Source "ChessBase"]
[SourceDate "2019.07.15"]
[SourceVersion "1"]
[SourceVersionDate "2019.07.15"]
[SourceQuality "1"]
[WhiteTeam "Luebeck"]
[BlackTeam "Hamburger SK II"]
[WhiteTeamCountry "GER"]
[BlackTeamCountry "GER"]

1. d4 Nf6 2. c4 e6 3. Nf3 d5 4. Nc3 Nbd7 5. Bf4 dxc4 6. e3 Nd5 7. Bxc4 Nxf4 8. exf4 Nb6 9. Bd3 g6 10. Qe2 Bg7 11. Rd1 0-0 12. h4 Nd5 13. g3 Bd7 14. Ne5 Bc6 15. Ne4 Nb4 16. Bb1 Bd5 17. h5 Nc6 18. hxg6 hxg6 19. 0-0 Qe7 20. Nc3 Rfd8 21. Nxc6 bxc6 22. Rd2 Qb4 23. Rfd1 Rab8 24. Qe3 Rd7 25. b3 Bf6 26. Ne4 Bxe4 27. Bxe4 Rd6 28. Kg2 Rbd8 29. Rc2 Bxd4 30. Qf3 c5 31. Rc4 Qb6 32. Rdc1 a5 33. R1c2 Kg7 34. Re2 Rh8 35. Re1 Bf6 36. Rec1 Bd4 37. Re1 Rdd8 38. Rh1 Rxh1 39. Kxh1 Bf6 40. Kg2 Rd2 41. Rc2 Rd4 42. Qe3 a4 43. bxa4 Rxa4 44. Bd3 Bd4 45. Qe2 Rb4 46. Rc4 Rb2 47. Rc2 Rb1 48. Rxc5 Ra1 49. Rc4 c5 50. Be4 Qa5 51. Rc2 Qb4 52. Rc4 Re1 53. Qc2 Qa5 54. a4 Ra1 55. Qe2 Qb6 56. Qc2 Ra3 57. Bf3 Qa5 58. Qe2 Ra1 59. Be4 Re1 60. Qc2 Qb6 61. Bf3 Ra1 62. Be4 Qd8 63. Bf3 Qh8 64. Bd1 Qb8 65. Bf3 Rb1 66. Qd2 Qh8 67. Rc1 Rb4 68. a5 Ra4 69. Bb7 Qb8 70. a6 Rb4 71. Qd3 Qa7 72. Rc2 Qb6 73. Rc4 Rb2 74. Rc2 Rb4 75. Rc4 Rb2 76. Rc2 Rb4 1/2-1/2

[Event "EU-chT U18"]
[Site "Bad Blankenburg"]
[Date "2018.07.16"]
[Round "5.2"]
[White "Olsen, Filip Boe"]
[Black "Riess, Alexander"]
[Result "0-1"]
[WhiteElo "2355"]
[BlackElo "2292"]
[PlyCount "88"]
[EventDate "2018.07.12"]
[EventType "team-swiss"]
[EventRounds "7"]
[EventCountry "GER"]
[SourceTitle "EXT 2019"]
[Source "ChessBase"]
[SourceDate "2018.10.10"]
[SourceVersion "1"]
[SourceVersionDate "2018.10.10"]
[SourceQuality "1"]
[WhiteTeam "Denmark U18"]
[BlackTeam "Germany U18 III"]
[WhiteTeamCountry "DEN"]
[BlackTeamCountry "GER"]

1. d4 Nf6 2. Nf3 g6 3. Bf4 Bg7 4. e3 0-0 5. Be2 d6 6. h3 c5 7. 0-0 Qb6 8. Nbd2 Be6 9. Ng5 Bd7 10. Nc4 Qc7 11. Nf3 b6 12. a4 Bc6 13. Bh2 Nbd7 14. c3 Rfc8 15. Na3 Qb7 16. c4 cxd4 17. exd4 d5 18. Ne5 Nxe5 19. dxe5 Nd7 20. cxd5 Bxd5 21. Ba6 Qxa6 22. Qxd5 Nc5 23. Nb5 Rd8 24. Qf3 Rac8 25. b4 Nd3 26. Qe4 Nb2 27. Qf3 Nxa4 28. Qb3 Qxb5 29. Qxa4 Qxa4 30. Rxa4 Rd7 31. Bg3 e6 32. Rfa1 Rcc7 33. R1a2 Rc1+ 34. Kh2 g5 35. Ra1 Rxa1 36. Rxa1 h5 37. Kh1 Kh7 38. Bh2 Kg6 39. g4 hxg4 40. hxg4 Rd4 41. f3 Rxb4 42. Rxa7 Rb2 43. Rb7 b5 44. Rb8 Rxh2+ 0-1

[Event "GER-ch U18"]
[Site "Willingen"]
[Date "2018.05.23"]
[Round "6"]
[White "Riess, Alexander"]
[Black "Ewert, Hannes"]
[Result "1-0"]
[WhiteElo "2279"]
[BlackElo "2312"]
[PlyCount "165"]
[EventDate "2018.05.19"]
[EventType "swiss"]
[EventRounds "9"]
[EventCountry "GER"]
[SourceTitle "CBM 184 Extra"]
[Source "ChessBase"]
[SourceDate "2018.06.28"]
[SourceVersion "1"]
[SourceVersionDate "2018.06.28"]
[SourceQuality "1"]

1. d4 Nf6 2. c4 e6 3. Nc3 Bb4 4. Qc2 0-0 5. a3 Bxc3+ 6. Qxc3 Ne4 7. Qc2 f5 8. Nh3 d6 9. f3 Nf6 10. e3 e5 11. dxe5 dxe5 12. Be2 a5 13. b3 Nc6 14. Nf2 Qe7 15. 0-0 Be6 16. Bb2 Rad8 17. Rfe1 Rd7 18. Bc3 b6 19. Qb2 Bf7 20. b4 Re8 21. f4 e4 22. bxa5 bxa5 23. Qb5 Qe6 24. Rab1 Ra8 25. Qc5 a4 26. Rb5 Ne7 27. Reb1 Bh5 28. Bxf6 Bxe2 29. Bxe7 Rxe7 30. Qxf5 Qxf5 31. Rxf5 Bxc4 32. Rb4 Bd3 33. Rc5 Ra6 34. Ng4 Rb6 35. Rxa4 Rb1+ 36. Kf2 h6 37. Ra7 Rb2+ 38. Kg3 Bf1 39. Nf2 Rb3 40. Nd1 Rd3 41. Rc1 Be2 42. Nc3 Bh5 43. Kh4 Be8 44. Ra5 Bc6 45. Rc5 Ba8 46. Re1 Kf7 47. a4 Kf6 48. Nb5 c6 49. Nd4 Ra7 50. a5 Ra3 51. Nxc6 Rc7 52. Ne5 Rxc5 53. Nd7+ Kf7 54. Nxc5 Rxa5 55. Nb3 Ra2 56. Kg3 Bd5 57. Nd4 Rb2 58. Re2 Rb1 59. f5 Kf6 60. Rf2 Rb7 61. Kf4 Rb1 62. g4 Rh1 63. Ne2 Bb7 64. Ng3 Rg1 65. Ne2 Rh1 66. Ng3 Rg1 67. Rb2 Ba8 68. Rb6+ Kf7 69. h3 Rg2 70. Ra6 Bd5 71. Ra7+ Kf8 72. Nh5 Bf7 73. Ra8+ Ke7 74. Nxg7 Kd6 75. Ra6+ Kd5 76. Ra5+ Kd6 77. Kxe4 h5 78. Ra6+ Kc5 79. Kf3 Bd5+ 80. e4 Bxe4+ 81. Kxe4 hxg4 82. Ne6+ Kb5 83. Nc7+ 1-0

[Event "GER-ch U18"]
[Site "Willingen"]
[Date "2018.05.22"]
[Round "4"]
[White "Riess, Alexander"]
[Black "Oberhofer, Cedric"]
[Result "1/2-1/2"]
[WhiteElo "2279"]
[BlackElo "2158"]
[PlyCount "76"]
[EventDate "2018.05.19"]
[EventType "swiss"]
[EventRounds "9"]
[EventCountry "GER"]
[SourceTitle "CBM 184 Extra"]
[Source "ChessBase"]
[SourceDate "2018.06.28"]
[SourceVersion "1"]
[SourceVersionDate "2018.06.28"]
[SourceQuality "1"]

1. d4 Nf6 2. c4 g6 3. Nc3 d5 4. Nf3 Bg7 5. cxd5 Nxd5 6. e4 Nxc3 7. bxc3 c5 8. Be3 0-0 9. Be2 b6 10. 0-0 Nd7 11. Rc1 Qc7 12. d5 Nf6 13. Qc2 e6 14. c4 exd5 15. exd5 Ng4 16. Bd2 Bf5 17. Bd3 Bxd3 18. Qxd3 Ne5 19. Nxe5 Bxe5 20. g3 Rfe8 21. Rfe1 Qd7 22. Re4 Bd4 23. Rxd4 cxd4 24. Qxd4 Qd6 25. Bc3 f6 26. Qxf6 Qxf6 27. Bxf6 Kf7 28. Bg5 Re5 29. Bf4 Rf5 30. Rd1 Ke7 31. Kg2 Rc8 32. Rd4 Kd7 33. Kf3 h5 34. h4 Rc5 35. Ke4 Rf8 36. Ke5 Rf5+ 37. Ke4 Rf8 38. Ke5 Rf5+ 1/2-1/2

[Event "GER-ch U18"]
[Site "Willingen"]
[Date "2018.05.20"]
[Round "2"]
[White "Riess, Alexander"]
[Black "Buckels, Valentin"]
[Result "1-0"]
[WhiteElo "2279"]
[BlackElo "2340"]
[PlyCount "125"]
[EventDate "2018.05.19"]
[EventType "swiss"]
[EventRounds "9"]
[EventCountry "GER"]
[SourceTitle "CBM 184 Extra"]
[Source "ChessBase"]
[SourceDate "2018.06.28"]
[SourceVersion "1"]
[SourceVersionDate "2018.06.28"]
[SourceQuality "1"]

1. d4 Nf6 2. Nf3 e6 3. e3 b6 4. Bd3 Bb7 5. 0-0 Be7 6. c4 0-0 7. Nc3 d5 8. cxd5 exd5 9. b3 Nbd7 10. Bb2 Ne4 11. Qc2 Ndf6 12. Ne5 c5 13. dxc5 Nxc5 14. Bf5 Ne6 15. Rfd1 Qc7 16. Ng4 Nxg4 17. Bxg4 Bf6 18. Rac1 Rac8 19. Qe2 Qd7 20. Nxd5 Bxd5 21. Rxc8 Rxc8 22. Bxf6 gxf6 23. e4 Bc4 24. bxc4 Qa4 25. Bxe6 fxe6 26. h4 Kh8 27. Qf3 Kg7 28. Qg4+ Kh8 29. Rd3 Qxc4 30. Rd7 Qc1+ 31. Kh2 Rg8 32. Qf3 Qh6 33. g3 Rg7 34. Rd8+ Rg8 35. Rd6 Re8 36. Rd7 a5 37. Rb7 Qf8 38. Rxb6 Qe7 39. Qg4 Qc5 40. Rb2 Qd4 41. Qe2 Rd8 42. Kg2 a4 43. Rb7 Rd7 44. Rb8+ Rd8 45. Rxd8+ Qxd8 46. Qb5 Qa8 47. f3 Kg8 48. h5 Kf8 49. Qc5+ Ke8 50. Qc3 Qd8 51. Qc6+ Kf7 52. Qxa4 Qd2+ 53. Kh3 Qd3 54. Qb3 Qf1+ 55. Kg4 Qc1 56. Qb5 Qc8 57. a4 e5+ 58. Kh4 Qc1 59. Qd7+ Kg8 60. Qe8+ Kg7 61. Qe7+ Kg8 62. Qxf6 h6 63. a5 1-0

[Event "Oberliga Nord N 1718"]
[Site "Germany"]
[Date "2018.03.18"]
[Round "8.3"]
[White "Riess, Alexander"]
[Black "Ramme, Christoph"]
[Result "1/2-1/2"]
[WhiteElo "2314"]
[BlackElo "2152"]
[PlyCount "77"]
[EventDate "2017.10.08"]
[EventType "team-tourn"]
[EventRounds "9"]
[EventCountry "GER"]
[SourceTitle "EXT 2019"]
[Source "ChessBase"]
[SourceDate "2018.10.10"]
[SourceVersion "1"]
[SourceVersionDate "2018.10.10"]
[SourceQuality "1"]
[WhiteTeam "Luebeck"]
[BlackTeam "Marmstorf"]
[WhiteTeamCountry "GER"]
[BlackTeamCountry "GER"]

1. d4 Nf6 2. c4 e6 3. Nc3 Bb4 4. Qc2 0-0 5. a3 Bxc3+ 6. Qxc3 d5 7. Bg5 dxc4 8. Qxc4 b6 9. Nf3 Ba6 10. Qc2 Nbd7 11. Ne5 c5 12. Rd1 Qc8 13. Nxd7 Nxd7 14. dxc5 bxc5 15. e4 Bxf1 16. Kxf1 f6 17. Bf4 Nb6 18. Be3 c4 19. g3 Qc6 20. Kg2 Rfd8 21. Rc1 Rac8 22. Rhd1 Rxd1 23. Rxd1 Qa4 24. Qxa4 Nxa4 25. Rd2 Rb8 26. Rc2 Rb7 27. Rxc4 Nxb2 28. Rc6 e5 29. Ra6 Nc4 30. Bxa7 Nd2 31. a4 Nxe4 32. Be3 Nc3 33. a5 Nd5 34. Bc5 Rb5 35. Bd6 Kf7 36. Ra7+ Ke6 37. Bf8 g6 38. a6 Ra5 39. Rxh7 1/2-1/2

[Event "Budapest FS03 GM"]
[Site "Budapest"]
[Date "2018.03.10"]
[Round "6"]
[White "Riess, Alexander"]
[Black "Farago, Ivan"]
[Result "1/2-1/2"]
[WhiteElo "2306"]
[BlackElo "2378"]
[PlyCount "94"]
[EventDate "2018.03.03"]
[EventType "tourn"]
[EventRounds "9"]
[EventCountry "HUN"]
[EventCategory "7"]
[SourceTitle "CBM 183 Extra"]
[Source "ChessBase"]
[SourceDate "2018.04.19"]
[SourceVersion "1"]
[SourceVersionDate "2018.04.19"]
[SourceQuality "1"]

1. d4 Nf6 2. c4 e6 3. Nc3 Bb4 4. Qc2 0-0 5. a3 Bxc3+ 6. Qxc3 b6 7. Bg5 Bb7 8. e3 d6 9. Ne2 Nbd7 10. Qc2 h6 11. Bh4 c5 12. Rd1 cxd4 13. Rxd4 d5 14. Nc3 e5 15. Rd1 d4 16. exd4 exd4 17. Rxd4 Re8+ 18. Be2 Bxg2 19. Rg1 Ne5 20. Rxd8 Nf3+ 21. Kd1 Raxd8+ 22. Kc1 Nxg1 23. Bd1 Re1 24. f3 Ne2+ 25. Nxe2 Rdxd1+ 26. Qxd1 Rxd1+ 27. Kxd1 g5 28. Bg3 Bxf3 29. Bb8 a6 30. Kd2 Bxe2 31. Kxe2 Nd7 32. Bc7 f5 33. b4 Kf7 34. a4 Ke6 35. Ke3 f4+ 36. Ke4 b5 37. cxb5 axb5 38. axb5 Nf6+ 39. Kf3 Nd5 40. Ba5 Kd7 41. h4 gxh4 42. Kg4 h3 43. Kxh3 h5 44. b6 Kc6 45. Kg2 Kb7 46. Kf3 Ka6 47. b5+ Kb7 1/2-1/2

[Event "Budapest FS03 GM"]
[Site "Budapest"]
[Date "2018.03.07"]
[Round "4"]
[White "Riess, Alexander"]
[Black "Chakravarthi, Reddy M"]
[Result "1-0"]
[WhiteElo "2306"]
[BlackElo "2425"]
[PlyCount "81"]
[EventDate "2018.03.03"]
[EventType "tourn"]
[EventRounds "9"]
[EventCountry "HUN"]
[EventCategory "7"]
[SourceTitle "CBM 183 Extra"]
[Source "ChessBase"]
[SourceDate "2018.04.19"]
[SourceVersion "1"]
[SourceVersionDate "2018.04.19"]
[SourceQuality "1"]

1. d4 d5 2. c4 c6 3. cxd5 cxd5 4. Bf4 Nc6 5. e3 Nf6 6. Nc3 a6 7. Be2 Bf5 8. g4 Bc8 9. g5 Ne4 10. Nxe4 dxe4 11. a3 Be6 12. Bg4 Bxg4 13. Qxg4 Qa5+ 14. Kf1 g6 15. Ne2 Bg7 16. Nc3 0-0 17. Kg2 e5 18. b4 Qd8 19. dxe5 Nxe5 20. Bxe5 Bxe5 21. Rad1 h5 22. Rxd8 hxg4 23. Rxa8 Rxa8 24. Nxe4 Rc8 25. Rd1 Rc4 26. Nc5 Bb2 27. Rd3 a5 28. Rb3 axb4 29. axb4 Bc3 30. Nd3 b5 31. h3 Bg7 32. Nf4 Be5 33. Nd5 Kg7 34. Ra3 Bd6 35. Rb3 Kf8 36. h4 Be5 37. Nb6 Rc7 38. Rd3 Ke8 39. Rd5 Bc3 40. Rxb5 Be1 41. Nd5 1-0

[Event "Budapest FS03 GM"]
[Site "Budapest"]
[Date "2018.03.03"]
[Round "1"]
[White "Gonda, Laszlo"]
[Black "Riess, Alexander"]
[Result "1/2-1/2"]
[WhiteElo "2515"]
[BlackElo "2306"]
[PlyCount "196"]
[EventDate "2018.03.03"]
[EventType "tourn"]
[EventRounds "9"]
[EventCountry "HUN"]
[EventCategory "7"]
[SourceTitle "CBM 183 Extra"]
[Source "ChessBase"]
[SourceDate "2018.04.19"]
[SourceVersion "1"]
[SourceVersionDate "2018.04.19"]
[SourceQuality "1"]

1. Nf3 Nf6 2. c4 g6 3. Nc3 d5 4. cxd5 Nxd5 5. e4 Nxc3 6. dxc3 Qxd1+ 7. Kxd1 f6 8. Be3 e5 9. Nd2 Nd7 10. Kc2 Bc5 11. Bxc5 Nxc5 12. b4 Ne6 13. Nc4 Bd7 14. a4 a5 15. Nxa5 b6 16. Nb3 Rxa4 17. Bc4 Ke7 18. Rhd1 Rxa1 19. Rxa1 Bc6 20. Nd2 Ra8 21. Rxa8 Bxa8 22. f3 Kd6 23. Bb3 Bc6 24. Nc4+ Ke7 25. Ne3 Kd6 26. Nc4+ Ke7 27. Ne3 Kd6 28. Bc4 Bb7 29. Kb3 Bc6 30. Kc2 Bb7 31. Kd2 Bc6 32. h4 Bb7 33. h5 gxh5 34. Nf5+ Kd7 35. Ke3 Bc8 36. Kf2 Ke8 37. Ne3 c6 38. b5 Nc7 39. bxc6 h4 40. Bg8 Ke7 41. Bxh7 Kd6 42. Bf5 Bxf5 43. Nxf5+ Kxc6 44. Ke3 Kc5 45. Kd3 Ne6 46. Nxh4 Nf4+ 47. Kd2 b5 48. g3 Ne6 49. Nf5 b4 50. cxb4+ Kxb4 51. Ne7 Kc5 52. Ke3 Nf8 53. Ng8 Nh7 54. f4 Kd6 55. f5 Kd7 56. Kd3 Ke8 57. Kc4 Kf7 58. Nh6+ Ke7 59. Kc5 Nf8 60. Kc6 Nh7 61. Ng4 Ng5 62. Kd5 Nf7 63. Ne3 Ng5 64. Nc4 Nf7 65. Na5 Kf8 66. Nb7 Ke7 67. Na5 Kf8 68. Nc6 Kg7 69. Nb8 Kf8 70. Nd7+ Ke7 71. Nc5 Nh6 72. Nd3 Ng4 73. Kc6 Ne3 74. Nf2 Nf1 75. g4 Ng3 76. Kd5 Ne2 77. Kc4 Nf4 78. Kc3 Ne2+ 79. Kd3 Ng1 80. Ke3 Kd6 81. Nd3 Nh3 82. Ne1 Ke7 83. Nf3 Kf7 84. g5 Nxg5 85. Nxg5+ fxg5 86. Kf3 Kg7 87. Kg3 Kh7 88. Kh3 Kg7 89. Kg4 Kh6 90. f6 Kg6 91. f7 Kxf7 92. Kxg5 Kg7 93. Kf5 Kf7 94. Kxe5 Ke7 95. Kd5 Kd7 96. e5 Ke7 97. e6 Ke8 98. e7 Kxe7 1/2-1/2

[Event "Oberliga Nord N 1718"]
[Site "Germany"]
[Date "2018.01.21"]
[Round "5.2"]
[White "Riess, Alexander"]
[Black "Schulz, Karsten"]
[Result "1/2-1/2"]
[WhiteElo "2314"]
[BlackElo "2253"]
[PlyCount "49"]
[EventDate "2017.10.08"]
[EventType "team-tourn"]
[EventRounds "9"]
[EventCountry "GER"]
[SourceTitle "EXT 2019"]
[Source "ChessBase"]
[SourceDate "2018.10.10"]
[SourceVersion "1"]
[SourceVersionDate "2018.10.10"]
[SourceQuality "1"]
[WhiteTeam "Luebeck"]
[BlackTeam "Schwerin"]
[WhiteTeamCountry "GER"]
[BlackTeamCountry "GER"]

1. d4 c5 2. d5 d6 3. e4 g6 4. Nc3 Bg7 5. Nf3 Nf6 6. h3 0-0 7. Bc4 b5 8. Nxb5 Nxe4 9. 0-0 Nd7 10. Bd3 Nef6 11. c4 Nb6 12. a4 a6 13. Nc3 Rb8 14. Ra2 e6 15. a5 Na8 16. dxe6 Bxe6 17. Ng5 Nc7 18. Re1 Re8 19. b3 Qd7 20. Rae2 h6 21. Nxe6 Nxe6 22. Be3 Qc7 23. Bd2 Qd7 24. Be3 Qc7 25. Bd2 1/2-1/2